01856cam a22004334i 4500003000900000005001700009008004100026020001500067020001800082035002000100040003300120082001900153100003800172040001300210245013400223264005400357300004100411336002100452337002500473338002300498504003600521504002900557505066200586526000901248526000901257526000901266526000901275526000901284526000901293526000801302526000801310526000801318526000801326526000801334526000801342650002501350650002301375650002401398PE-LiUPU20250731184515.0170313s r 000 0 spa d a1107111870 a9781107111875 a(Sirsi) a167239 aPE-LiUPUbspacPE-LiUPUerda04a943.03F842231 aFriedeburg, Robert von,e author. aPE-LiUPU10aLuther's legacy :bthe thirty years war and the modern notion of 'state' in the empire, 1530s to 1790s /c Robert von Friedeburg. 1aCambridge :b Cambridge University Press,c 2015. avi,441 páginas ;c24 centímetros atext2rdacontent aunmediated2rdamedia avolume2rdacarrier aBibliography : pages 388 - 433. aIndex : pages 434 - 441.0 aIntroducction -- Meinecke's riddle: 'reason of state' and reformation prudence -- Royal rights and princely dynasties in late medieval and early modern Germany, fourteenth to early seventeeth centuries -- Civil order and princely rigths, 1450s to 1580s: the making of the elements -- The challenge of 'reason of state', 1600s to 1650s -- The catastrophe of war and the partial collapse of relations between princes and vassals -- The re-establishing of compromise and the new use of the elements: seckendorff, pufendorf and the dissemination of the new concep of 'state' -- Readings of despotism: the attack on 'war-despotism' between bodin and montesquieu. aP136 aP135 aP134 aP133 aP144 aP143 aP87 aP35 aP20 aP14 aP10 aP0604aState, the history.04aGermany xhistory.04aGermany xhistoria.